000 00480nam a2200181Ia 4500
005 20250326130351.0
008 250326s9999 xx 000 0 und d
037 _aTextbook
040 _aFMSL
_beng
_cFMSL
041 _aeng
_2eng
084 _aX:8 L1
_qFMSL
100 _aSmith A C
_9128144
245 0 _aInternal control & audit
_cSmith A C
260 _aNew Delhi
_bNew Delhi, Pitman
_c1971
300 _a271p
942 _cTB
_hX:8 L1
999 _c1282163
_d1282163